|
|
|
|
| LEADER |
00000nam a2200000 i 4500 |
| 001 |
1/4866 |
| 008 |
000602s1997 eng d |
| 020 |
|
|
|a 0-471-59473-3
|
| 035 |
|
|
|l 10061379
|
| 040 |
|
|
|a GR-MY-UA
|b gre
|e aacr
|
| 041 |
0 |
|
|a eng
|
| 082 |
0 |
|
|a 530
|
| 100 |
1 |
|
|a Bloomfield, Louis.
|
| 245 |
1 |
0 |
|a How things work :
|b the physics of everyday life /
|c Louis A. Bloomfield
|
| 260 |
|
|
|a New York ; Chichester :
|b Wiley,
|c c1997
|
| 300 |
|
|
|a xiii, 706 p.;
|b ill.;
|c 28 cm.
|
| 504 |
|
|
|a Includes index
|
| 650 |
0 |
0 |
|a Physics.
|
| 852 |
|
|
|a INST
|b SAMOS
|e 20000602
|h 530 BLO
|p 005300019819
|q 005300019819
|t BK
|y 0
|
| 901 |
|
|
|a BIBL3-2000-2
|
| 909 |
|
|
|a Σ
|b 077778
|
| 922 |
|
|
|a 3ΕΛΗ
|b 200004
|c ΚΠΣ
|d ΠΑΠΑΣΩΤΗΡΙΟΥ
|
| 950 |
|
|
|a 116-1999-12-30
|
| 970 |
|
|
|a ΓΕΝΟΥΖΟΥ
|b ΧΡΥΣΑΝΘΗ
|z 2000/06/05
|